003420000a22001330004500020001500000060000800015082001900023100001600042245007000058260003400128260000900162300000800171650002900179 a3211814345 a100 a582.130 12 KUB aKubitzki, K aFlowering plants: evolution & Classification of higher categories aNewyork, Springer Verlay Wien c1977 a416 aBotany/ plants evolution